[Event "EU-chT (Men) 12th"]
[Site "Batumi"]
[Date "1999.12.06"]
[Round "8.3"]
[White "Nataf, Igor Alexandre"]
[Black "Stanojoski, Zvonko"]
[Result "1-0"]
[WhiteElo "2504"]
[BlackElo "2480"]
[Annotator "Alterman,B"]
[PlyCount "103"]
[EventDate "1999.11.06"]
[EventType "team-swiss"]
[EventRounds "9"]
[EventCountry "GEO"]
[SourceTitle "CBM 074"]
[Source "ChessBase"]
[SourceDate "2000.02.01"]
[SourceVersion "1"]
[SourceVersionDate "2000.02.01"]
[SourceQuality "1"]
[WhiteTeam "France"]
[BlackTeam "Macedonia"]
[WhiteTeamCountry "FRA"]
[BlackTeamCountry "MKD"]

1. e4 c5 2. Nf3 Nc6 3. d4 cxd4 4. Nxd4 g6 5. Nc3 Bg7 6. Be3 Nf6 7. Bc4 O-O 8.
Bb3 a5 9. O-O (9. Nxc6 bxc6 10. e5 Ne8 11. f4 d6 (11... Ba6 $5 12. Qf3 d5 $132
(12... Qc7 $2 13. O-O-O d6 (13... d5 14. h4 $16) 14. h4 dxe5 15. h5 $1 $16 {
1-0 Zurmely,F-Afek,Y/Paris-ch 1993 (27)})) 12. O-O (12. Qf3 Qc7 13. O-O-O dxe5
$15) 12... Qc7 13. exd6 Nxd6 14. Bd4 Bxd4+ 15. Qxd4 c5 16. Qf2 $11 {1/2-1/2
Hodgson,J-Rechlis,G/London Peace 1987 (20)}) (9. h4 $2 a4 10. Bd5 a3 11. b3 Ng4
(11... Qa5 12. Qd2 Nxd4 13. Bxd4 e6 14. b4 (14. Bc4 Nxe4 $19) 14... Qxb4 15.
Rb1 Qa5 $1 $17) 12. Bxc6 dxc6 13. Nde2 Nxe3 14. fxe3 Qa5 $19 (14... Qc7 15. O-O
Bg4 $19 {0-1 Jakoby,U-Dally,H/Dortmund op 1989 (28)})) (9. h3 $6 a4 $1 (9... d5
10. Bxd5 Nxd5 11. exd5 Nb4 12. Nde2 Bf5 13. Rc1 Rc8 14. O-O b5 15. Nd4 Bxd4 16.
Qxd4 Nxc2 17. Rxc2 Bxc2 18. Bh6 e5 19. Qxe5 f6 20. Qd4 $44 {1/2-1/2 Romero
Holmes,A-Frois,A/La Coruna TH op 1995 (29)}) 10. Nxa4 (10. Bxa4 Nxe4 11. Nxe4
Rxa4 $15) 10... Nxe4 $15) 9... a4 (9... Ng4 10. Qxg4 (10. Nxc6 dxc6 $11 (10...
Nxe3 11. Nxd8 Nxd1 12. Raxd1 (12. Nd5 Rxd8 13. Nxe7+ Kf8 14. Nxc8 Rdxc8 15.
Raxd1 a4 16. Bd5 Rxc2 $11) 12... Rxd8 13. Rd3 $132)) 10... Nxd4 11. Qh4 (11.
Qd1 Nxb3 12. axb3 d6 13. Bd4 Bd7 14. Bxg7 Kxg7 15. Qd4+ $14 {1-0 Sarlamanov,
D-Bahtiri,S/JUG-ch 1991 (31)}) 11... Nxb3 12. axb3 Ra6 13. Bh6 $14 {1-0 Luecke,
N-Heinatz,T/BL 1993 (41)} (13. Rfd1 $14)) 10. Nxa4 (10. Bxa4 Nxe4 11. Nxe4 Rxa4
12. c3 Ra5 (12... Ra8 $15 {1-0 Baranyai,A-Toth,S/Providencia Open, Debrecen
HUN 1997 (24)}) 13. Nxc6 bxc6 14. Qb3 Rb5 15. Qc2 d5 $15 {1/2-1/2 Gallinnis,
N-Guempges,x/corr 1981 (53)}) 10... Nxe4 11. Nb5 (11. Nxc6 bxc6 12. f3 (12. Nb6
Rb8 13. Nxc8 Qxc8 14. f3 (14. c3 d5 $132 {0-1 Nykopp,J-Keskisarja,T/FIN-chT
1994/EXT 97 (39)}) 14... Nd6 15. c3 Nf5 16. Bf2 d5 $132 {0-1 Bezzy,M-Denny,K/
Moscow olm SMR-BAR 1994 (42)}) (12. Bb6 Qe8 13. f3 Ng5 14. c3 d6 15. Be3 Ne6
16. Nb6 Rb8 17. a4 Nc7 18. a5 Be6 $14 {1-0 David,A-Taleb,M/Montpellier 1998 
(35)}) 12... Nf6 13. Nb6 (13. Bb6 Qe8 14. Bf2 (14. Re1 d6 15. Bf2 c5 16. Nb6
Ra7 17. a4 Bb7 18. c3 Qd8 19. a5 Bc6 20. Qe2 $14 {1-0 Shchekachev,A-Pigusov,E/
Open, Bourbon Lancy FRA 1997 (58)}) 14... Ba6 15. Re1 d6 16. c4 c5 17. Nc3 Qd8
18. Qe2 (18. a4 $5 $14 {[%cal Gc3b5,Ga4a5]}) 18... Ra7 19. a4 Qb8 20. Nb5 $14 {
1-0 David,A-Abolianin,A/Lost Boys Open, Antwerp BEL 1998 (39)}) 13... Rb8 14.
Nxc8 Qxc8 15. Qe2 (15. Re1 d6 16. a4 c5 17. a5 c4 18. Ba4 Qa6 19. Bb6 Rxb6 20.
axb6 Qxb6+ 21. Kh1 Qxb2 $44 {0-1 Garcia,G-Turner,M/London Lloyds 1994 (47)})
15... Qc7 16. Rad1 Rfe8 17. Rfe1 d6 18. Kh1 e5 $132 {1-0 Mokry,K-Antunes,A/
EUCup Gr2 Strasbourg 1994 (44)}) 11... Ra6 (11... d6 12. Qe2 (12. Bb6 Qd7 13.
Nc7 Rb8 14. Re1 Nf6 $132 {Voicu,C-Andreeva,N/EU-chJW U16 Rimavska Sobota 1996/
0-1 (53)}) 12... Nf6 13. Rad1 Bf5 14. c4 Ng4 15. Bc1 Qb8 16. h3 Nf6 17. Be3 Nd7
18. f4 Na5 19. g4 $14 {1-0 Theissen,H-Fabisch,C/Dortmund op-A 1993/TD 93\06 
(58)}) (11... Rxa4 12. Bxa4 Bxb2 13. Rb1 Bg7 14. f3 Qa5 15. Bb3 Nc3 16. Nxc3
Qxc3 17. Qe1 $16 {1-0 Bologan,V-Katz,F/Corsican Open, Bastia FRA 1998 (42)})
12. c4 (12. Qd3 d5 (12... Nf6 13. c4 (13. Nc5 Ra8 $11) (13. Nac3 d6 $11) 13...
d5 14. cxd5 Nxd5 15. Bc5 Be6 16. Rad1 Qb8 $11 {1-0 Rogic,D-Koerholz,L/Budapest
Statistika 1994 (40)}) 13. f3 Nf6 14. Nc5 Ra8 $132) (12. Re1 d6 $11 (12... d5
$11)) (12. Qe2 d6 13. Rad1 Bd7 $132 {1-0 Berend,E-Nicoara,M/Saint Vincent ITA
1999 (43)}) 12... d6 13. Qe2 Nf6 (13... f5 $2 $16 14. Bb6 $1 Qd7 (14... Rxb6 $2
15. Nxb6 Qxb6 16. c5+ $18) 15. f3 (15. c5+ Kh8 16. Rad1 $16) 15... Ng5 (15...
Nf6 $2 16. Rad1 $22 $18 {1-0 Rogic,D-Sale,S/Pula 1998/CBM 64 (21)}) 16. Rad1
Ne6 $1 17. c5 Kh8 18. cxd6 exd6 $16) 14. h3 (14. Rad1 b6 (14... Bg4 15. f3 Bd7
(15... Bf5 16. c5 $14) 16. Rfe1 (16. c5 Na5 17. Bc2 d5 $11) 16... Re8 17. Nac3
$14) (14... Na5 15. Bc2 Be6 16. b3 $14) 15. Rfe1 Kh8 (15... Bg4 16. f3 Be6 17.
Nbc3 $14) 16. Nac3 $14 {1-0 Sax,G-Deak,S/HUN 1994 (35)}) (14. Rfd1 Bd7 15. Nac3
Qb8 16. h3 Rc8 17. a3 Ne5 18. Rac1 Bxb5 19. cxb5 $14 {0-1 Svidler,P-Topalov,V/
Linares 1999/CBM 70/(36)} (19. Nxb5 $14)) 14... Be6 15. Rad1 (15. Rfd1 $14)
15... Qb8 16. Nb6 Ne5 $2 $16 (16... Na5 17. Bc2 Nd7 (17... Rxb6 18. Bxb6 Nxc4
19. Bd4 $16) 18. Nxd7 Bxd7 19. b3 Rc8 20. a4 Nc6 21. Rfe1 Nb4 22. Be4 $14) 17.
Nd5 Bxd5 (17... Nxd5 18. cxd5 Bf5 (18... Bd7 19. f4 $18) 19. Nd4 $16) 18. cxd5
Rc8 19. Rfe1 (19. Rc1 $16) 19... Ned7 (19... Ne8 20. Bd4 Bf6 21. Rc1 $16 (21.
f4 Nd7 22. Bxf6 Nexf6 23. Qf3 (23. Qxe7 $2 Re8 $19) 23... Re8 24. Rc1 Nc5 25.
Bc4 Ra4 26. b3 Ra8 27. b4 Na6 (27... Na4 28. Bb3 $18 {[%cal Gb5c7]}) 28. a3 Nc7
$14)) 20. Bd4 (20. Rc1 $16) 20... Bf8 (20... Bh6 $5 21. g3 {[%csl Gf4]} (21.
Qxe7 Re8 22. Bxf6 Rxe7 23. Bxe7 $132) 21... Re8 {[%csl Rc1]} 22. a3 $16) 21. a3
Ne8 22. Qg4 $6 (22. Rc1 Rxc1 23. Rxc1 Bh6 24. Rc3 Qd8 25. Na7 Nc7 (25... Nc5
26. Bxc5 dxc5 27. Nc6 $1 $18) 26. Qc2 (26. Bc4 Bg7 27. Bxg7 Rxa7 28. Bd4 $16)
26... Nc5 27. Bxc5 dxc5 28. Rxc5 Ne8 (28... Bf4 29. Nb5 Ne8 30. Qc4 $18 {
[%csl Rf4,Rf7][%cal Gc5c8]}) 29. Nb5 $16) 22... Ndf6 (22... Ne5 $5 23. Qe2 (23.
Bxe5 dxe5 24. Rxe5 Rc5 $1 (24... Qxe5 25. Qxc8 Qxb2 26. Qxe8 Qxb3 27. Rc1 Qb2
28. Rc8 Qa1+ 29. Kh2 Qg7 30. Qxe7 $18) 25. Qe2 Rxb5 $15)) 23. Qf4 Ra5 (23...
Ng7 24. Bc3 (24. Bxf6 Nh5 $1) 24... Rc5 25. a4 $16) 24. Nc3 Qc7 25. Rd3 (25.
Rc1 Qd7 26. Rc2 $16) 25... Qd7 26. Rf3 Bg7 27. g4 h6 $8 28. Ne4 Ra6 (28... Raa8
29. g5 hxg5 30. Nxg5 $16) 29. g5 hxg5 30. Nxg5 Rc7 31. Qh4 b5 (31... Qb5 32.
Rfe3 Bf8 $5 {[%csl Ye7]} (32... Ra8 33. a4 Qd7 34. Bb6 $18) (32... Ra5 33. a4
Qb4 {[%tqu "En","?","","","g5f7","",10]} 34. Nxf7 $3 Nxd5 (34... Kxf7 35. Rxe7+
Rxe7 36. Rxe7+ $18) 35. Rxe7 $1 $18) 33. a4 (33. Ne4 Nh7 34. a4 (34. Ba2 Ng7
35. Ng3 Ra4) 34... Qd7 35. Bd1 (35. Rf3 Bg7 36. Bxg7 (36. Rxf7 $2 Kxf7 37. Qxh7
Qf5 $17) 36... Nxg7 37. Ng3 (37. Rxf7 Kxf7 38. Qxh7 Qf5 $17) 37... Nf6 $15)
35... Ng7 36. Ng3 Nf5 (36... e5 37. dxe6 Nxe6 38. Bg4 d5 39. Bxe6 Rxe6 40. Rxe6
fxe6 41. Qg4 Kf7 42. Re3 $14) 37. Nxf5 Qxf5 38. Bb3 $132) 33... Qd7 34. Kg2 (
34. a5 Qb5 35. Bc3 Qd7 36. Ne4 Qf5 (36... Nh7 37. Ba4 $1 $18) 37. Ba4 {[%cal
Ga4e8,Gc3h8]} Rxc3 38. Nxc3 Nc7 (38... Rxa5 39. Bxe8 Nxe8 40. Qb4 Rc5 41. Qxb7
$16) 39. b4 Ncxd5 40. Nxd5 Nxd5 $14) 34... b5 35. a5 $16 {[%cal Ge1e2,Gf2f4]})
32. Kg2 Ra8 33. Rf4 (33. Rfe3 $16) 33... Rac8 34. Be3 $2 (34. Rfe4 $1 Bf8 $1 (
34... Qd8 35. R4e2 Rb7 36. Bc2 Rc4 (36... Nh5 37. Nxf7 $1 Kxf7 38. Qg4 Bxd4 39.
Bxg6+ Kf8 40. Bxh5 $18) (36... b4 37. axb4 Rc4 38. b5 Rb4 39. b6 $16) (36...
Rbc7 $2 37. Bb6 $18) 37. b3 $5 Rc8 {All is off-the shelf for decisive attack.}
38. f4 $1 Qa5 (38... Ra8 39. Bb2 (39. f5 gxf5 40. Bxf5 Rxa3 41. Bh7+ Kf8 42.
Bg6 Qa8 43. Bxf7 e5 44. Bxe8 (44. dxe6 Rxf7+ $19) 44... Kxe8 45. Ne4 Nxe4 46.
Qxe4 Rf7 $13) 39... Nh5 40. f5 $1 Bxb2 41. fxg6 $18) 39. f5 gxf5 40. Bxf5 Rcc7
41. Nxf7 $1 Kxf7 42. Be6+ Kf8 43. Rf1 $18 {[%csl Rf7][%cal Gh4h5,Gh5f7]}) 35.
Bd1 $1 $16 {[%cal Gd1g4]} (35. R4e2 Qf5) (35. R4e3 Rc1 36. R1e2 $1 Nh5 37. Rf3
Nef6 $132)) 34... Rb8 35. a4 {There was no necessity to open the second front}
(35. Bd4 $14 {[%cal Gf4f3,Gf3e3,Ge1e2]}) 35... Qc8 (35... bxa4 $142 $5 36. Bxa4
Qc8 (36... Qd8 37. Bd4 $18 {[%cal Ga4e8,Gd4h8]}) 37. Bd4 (37. b4 Ra8 38. Bc6
Rxc6 39. dxc6 Qxc6+ $44) 37... Qb7 38. Bxe8 Qxd5+ 39. Kh2 e5 $1 40. Rc1 $1 {
[%csl Rf7]} (40. Rxf6 Bxf6 41. Qh7+ Kf8 42. Bxf7 Rxf7 43. Qxf7+ Qxf7 44. Nxf7
Kxf7 45. Bc3 $15) 40... Rxc1 41. Bxf7+ Qxf7 42. Nxf7 Kxf7 43. Be3 Rc2 44. Rb4
Rxb2 45. Qc4+ Kf8 46. Rxb8+ Rxb8 47. Qc7 Re8 48. Qxd6+ Kf7 $14) 36. a5 Qa6 (
36... Qb7 37. Rf3 Rbc8 38. Ra1 Ra8 39. Qf4 $14) 37. Bd2 $6 {Step-by-step white
have lost all advantage} (37. Ra1 Rbc8 38. Rf3 $14) 37... Rbc8 38. Re3 (38. Ra1
$11) 38... Qb7 39. Rg3 $2 $17 (39. f3 $132) 39... Rc4 $2 $14 (39... e5 $1 {
[%cal Gb7g2]} 40. Rff3 Nh5 41. Rg4 Nef6 $17) 40. Bxc4 bxc4 41. Bc3 (41. Rgf3
Qxd5 42. Rd4 Qc6 43. Bc3 $44) 41... Qxd5+ 42. Kh2 e5 43. Rff3 Qb7 (43... Ra8
$14) 44. Rg1 Rc7 45. Rd1 Nh5 $2 $16 {It is difficult to believe that this move
is a severe error.} (45... d5 $2 46. Bxe5 Ng4+ 47. hxg4 Bxe5+ 48. Kg2 $18) (
45... Qb5 $1 $14) 46. Qe4 $1 Qc8 $2 $18 {Not noticing a small elegant
combination} (46... Qxe4 47. Nxe4 Rc6 (47... f5 48. Nxd6 Rd7 49. Nxe8 Rxd1 50.
Nxg7 Nxg7 51. Bxe5 $18) 48. Bb4 Bf8 49. Ra3 f5 50. Ng3 $16) (46... Bh6 47. Qxb7
Rxb7 48. Ne4 $16) (46... Qa6 $2 47. Rxf7 Rxf7 48. Qd5 Qa7 49. Qxf7+ Qxf7 50.
Nxf7 Kxf7 51. a6 $18) 47. Rxf7 Rxf7 48. Qd5 Qf5 49. Qxf7+ Qxf7 50. Nxf7 Kxf7
51. a6 Ke6 (51... Nf4 52. Rxd6 $1 $18) 52. Ba5 1-0

[Event "GER-ch 68th"]
[Site "Dudweiler"]
[Date "1996.??.??"]
[Round "5"]
[White "Bangiev, Alexander J"]
[Black "Hennings, Artur"]
[Result "1/2-1/2"]
[WhiteElo "2400"]
[BlackElo "2340"]
[Annotator "Bangiev,A"]
[PlyCount "121"]
[EventDate "1996.11.26"]
[EventType "swiss"]
[EventRounds "9"]
[EventCountry "GER"]
[SourceTitle "CBM 055 Extra"]
[Source "ChessBase"]
[SourceDate "1997.01.01"]
[SourceVersion "1"]
[SourceVersionDate "1997.01.01"]
[SourceQuality "1"]

1. e4 c5 2. Nf3 Nc6 3. d4 cxd4 4. Nxd4 Nf6 5. Nc3 d6 6. Bc4 Bd7 7. O-O g6 8. h3
Bg7 9. Be3 O-O 10. Bb3 Qa5 11. f4 Nxd4 12. Bxd4 Bc6 13. Qd3 {Beide Seiten
spielen eine bekannte Variante der Sizilianischen Verteidigung, in der die
Chancen von Weiß als besser einzuschätzen sind.} (13. Qf3 Qb4 (13... Nxe4 14.
Bxg7 Qc5+ 15. Kh1 Nd2 16. Qd3 Nxf1 (16... Nxb3 17. Bxf8 Nxa1 18. Bh6) 17. Bxf8
$16) 14. Rad1 Nxe4 15. Bxg7 Kxg7 $17) 13... Rad8 (13... Rac8 $142 14. Rae1 (14.
e5 $6 dxe5 15. fxe5 Nd5 16. Bxd5 Bxd5 $15) 14... b5 15. e5 $36) 14. f5 (14.
Rad1 e5 (14... e6 $5) 15. Be3 exf4 (15... d5 16. exd5 $16) 16. Bxf4 Rfe8 17.
Bxd6 $16) (14. Nd5 $5 Bxd5 15. exd5 Nd7 16. Bxg7 Kxg7 17. Rae1 Rfe8 18. Re3 Nc5
19. Qd4+ f6 20. g4 Kf7 21. Rfe1 $36 {1-0 Maros,M-Certek,P/SVK-chT 1995 (45)})
14... Nd7 15. Bxg7 (15. Nd5 Bxd4+ 16. Qxd4 Bxd5 17. Bxd5 Qc5 18. c3 b6 19. Rf2
Rc8 20. Raf1 Qxd4 21. cxd4 gxf5 22. Rxf5 e6 23. Rg5+ Kh8 24. Bb3 $14 {1-0
Noetzel,F-Daverkausen,B/NRW-II 1991 (42)}) 15... Kxg7 16. Qg3 {N} (16. Rf2 $5
f6 17. Bd5 Ne5 18. Qd4 Qc5 19. Rd1 Qxd4 20. Rxd4 Rc8 21. Bxc6 (21. Be6 $142 $14
) 21... Rxc6 22. Nd5 Kf7 $11 {Olivier,J-Chatalbashev,B/Candas op 1996/0-1 (53)}
) 16... Qe5 17. Qh4 Qf6 18. Qf2 Nc5 19. Rae1 Qe5 20. Qh4 Qf6 21. Qg4 Nd7 {
Die Überführung dieses Springers nach f6 soll die Stellung des Schwarzen am
Königsflügel verstärken.} (21... Nxb3 $142 22. axb3) 22. Qd1 Qe5 23. Qd2 {
Weiß hat während der ganzen Partie die Initiative und versucht, seine Kräfte
für den entscheidenden Schlag umzugruppieren.} Nf6 24. Rf4 (24. Bd5 $5 e6 25.
Qf2 $13) 24... e6 25. Nd5 $5 {Mit diesem Zug, den ich durch die letzten Züge
vorbereitet habe, verbinde ich große Hoffnungen, aber Schwarz verteidigt sich
völlig korrekt.} Nh5 $5 (25... exd5 26. exd5 Qxb2 27. dxc6 bxc6 28. fxg6 fxg6 (
28... hxg6 29. Ref1 $16) 29. Re7+ Kh8 30. Ra4 (30. Rh4 Rfe8) 30... Rfe8 31.
Raxa7 $14) 26. f6+ $6 {Ein nicht sehr gelungener Zug. Weiß will mehr, als aus
dieser Stellung herauszuholen ist.} ({besser ist} 26. Rf2 $5 exd5 (26... exf5
27. exf5 Qxb2 28. f6+ Kh8 29. Nc3 $13) 27. exd5 Qxb2 28. dxc6 bxc6 29. fxg6
hxg6 30. Re7 $14) 26... Kh8 27. Rf3 Rde8 (27... Qxb2 $5 28. g4 (28. Qg5 exd5
29. exd5 Rfe8 $17) (28. Nc3 e5 $17 29. Rb1 Qa3 30. Qh6 $6 Nxf6 $19) 28... exd5
29. exd5 (29. gxh5 dxe4 30. hxg6 (30. Qh6 Rg8 $17) 30... Rg8 $1 31. Bxf7 exf3
32. Bxg8 Kxg8 $17) 29... Nxf6 30. dxc6 bxc6 31. Re7 d5 32. Rxa7 Ne4 $15) 28.
Nc3 Nxf6 29. Qf2 Ng8 $6 (29... Nxe4 $2 30. Nxe4 Bxe4 31. Rxf7 Rxf7 32. Qxf7 $16
) (29... Kg7 $5 30. Rf1 Nxe4 31. Rxf7+ (31. Nxe4 Qxe4) 31... Rxf7 32. Qxf7+ Kh6
$15) 30. Rxf7 Rxf7 31. Qxf7 Re7 (31... Nf6 $5) 32. Qf2 b5 33. a3 Kg7 34. Rd1
Nf6 35. Qd4 $5 Nxe4 $6 (35... Qxd4+ 36. Rxd4 Ne8 37. g3 $36) 36. Nxe4 Bxe4 37.
Qxd6 Qxd6 38. Rxd6 Kf6 39. Ra6 $5 {Als Resultat der ganzen Abwicklung hat sich
für Weiß (dank der besseren Bauernstruktur) ein aussichtsreiches Endspiel
ergeben.} (39. Kf2 a5 $5) 39... Kf5 40. Ra5 $6 {Um dises Endspiel zu gewinnen,
müßte der Anziehende unbedingt den starken schwarzen e-Bauern blockieren, was
er in den nachfolgenden Zügen versäumt.} (40. Kf2 $142 e5 41. g3 {/\43.Ke3} (
41. g4+ Kf4 42. Rf6+ Kg5 43. Rf8 Kh4 $15) 41... h5 42. Ke3 (42. Ra5 Bc6 43. Ke3
g5 $11) 42... Bg2 43. h4 $16) 40... e5 41. Kf2 (41. Rxb5 Rd7 42. Kf2 Rd2+ 43.
Ke3 Rxg2) 41... Bc6 42. a4 $6 (42. g3 $142 Ke4 (42... Kg5 43. Ke3) 43. Ke2 $14)
42... bxa4 43. Bxa4 Bxa4 44. Rxa4 Rb7 $1 45. b3 Rc7 46. c4 (46. g4+ Kg5 47. c4
Kf4 $132) 46... Rb7 47. b4 (47. c5 Rxb3 48. Rxa7 Rc3 $15) 47... Ke4 $15 {
Jetzt muß Weiß schon um das Remis kämpfen.} 48. c5 Kd3 $1 (48... Kd5 49. Ke3
Kc4 50. Ra1 $14) 49. Ke1 $5 (49. c6 Rf7+ (49... Rc7 50. b5) 50. Ke1 Kc4 $17)
49... Kc4 $5 (49... e4 50. c6 Rc7 51. b5 $11) 50. Ra1 (50. c6 Rc7 $17) 50...
Rxb4 51. Rxa7 (51. c6 $142 Kd5 52. Rxa7 Kxc6 53. Rxh7) 51... Kxc5 52. Rxh7 Rb2
53. Kf1 $1 (53. g4 $143 Kd4 54. h4 Ke3 $17) 53... Kd4 54. Ra7 e4 (54... Ke3 55.
Ra3+ Kf4 56. Rf3+ Ke4 57. Rg3 $11) 55. Ra6 Ke3 (55... g5 56. Ra5) 56. Ra3+ Kf4
57. g3+ Ke5 58. Ra5+ Kd4 59. Ra4+ Kd3 60. Ra3+ Kd4 61. Ra4+ 1/2-1/2